| 000 | 00886naa a2200181 i 4500 | ||
|---|---|---|---|
| 001 | 8974 | ||
| 003 | KOSZ 005 | ||
| 005 | 20180313102221.0 | ||
| 008 | 180313s2011 pl f |100 0 pol | ||
| 040 |
_cKOSZ 005/ HR _aKOSZ 005/ HR |
||
| 041 | _apol | ||
| 100 | 1 |
_aPIASKOWSKI, Krzysztof. _d1998 - . _bPolitechnika Koszalińska - Wydział Inżynierii Lądowej, Środowiska i Geodezji, _cKatedra Technologii Wody i Ścieków |
|
| 245 | 1 | 0 |
_aUsuwanie azotu i fosforu w ciągłych oraz porcjowych układach oczyszczania ścieków / _cKrzysztof Piaskowski. |
| 655 | 0 | _aMateriały konferencyjne. | |
| 711 | 2 | 2 |
_aPółnocna Konferencja Firm Komunalnych _n(2 ; _d2011 ; _cUstka, Polska) |
| 773 | 0 |
_iW : _tKonferencja „Nowoczesne rozwiązania technologiczne jako fundamentalny czynnik w zakresie gospodarowania przedsiębiorstwami komunalnymi” 12-14.10.2011 Ustka. - |
|
| 942 |
_cMN _2UKD |
||
| 999 |
_c8974 _d8974 |
||